[Event "15th Sants Open 2013"]
[Site "Barcelona ESP"]
[Date "2013.08.23"]
[Round "1.3"]
[White "Uran Bermudez,Oliver Kevin"]
[Black "Potkin,V"]
[Result "0-1"]
[WhiteElo "2103"]
[BlackElo "2647"]

1.e4 c5 2.Nf3 e6 3.d4 cxd4 4.Nxd4 Nc6 5.Nc3 Qc7 6.Be3 a6 7.Qd2 Nf6 8.Bd3 b5
9.f3 Bb7 10.O-O-O Ne5 11.Qf2 Be7 12.g4 b4 13.Na4 d5 14.g5 Nfd7 15.Kb1 dxe4
16.Bxe4 Bxe4 17.fxe4 Ng4 18.Qe2 Nxe3 19.Qxe3 O-O 20.c4 bxc3 21.Qxc3 Qxc3
22.Nxc3 Ne5 23.h4 Rab8 24.Nb3 g6 25.Rd4 Kg7 26.Ne2 h6 27.gxh6+ Kxh6 28.Nf4 Rfd8
29.Ra4 Rb6 30.Nd4 Rb4 31.Rxb4 Bxb4 32.Nb3 Be7 33.a3 Nf3 34.h5 g5 35.Ne2 g4
36.Kc2 Bh4 37.Nf4 Bg5 38.Ne2 Rc8+ 39.Kd3 Ne5+ 40.Kd4 Bf6 41.Ke3 Rb8 42.Ned4 Nc4+
43.Kd3 Nxb2+ 44.Kc2 Nc4 45.a4 Rd8  0-1

[Event "Brasschaat Open 2013"]
[Site "Brasschaat BEL"]
[Date "2013.08.23"]
[Round "7.8"]
[White "Sadikhov,U"]
[Black "Leenaerts,R"]
[Result "1-0"]
[WhiteElo "2233"]
[BlackElo "2265"]

1.e4 c5 2.Nf3 e6 3.d4 cxd4 4.Nxd4 Nc6 5.Nc3 a6 6.Be3 Qc7 7.g3 b5 8.Bg2 Bb7
9.O-O Nf6 10.Re1 Ne5 11.f4 Nc4 12.e5 Bxg2 13.Kxg2 Qb7+ 14.Qf3 Qxf3+ 15.Kxf3 b4
16.Na4 Nd5 17.Bg1 Be7 18.Rad1 g6 19.Nb3 Rc8 20.Re4 O-O 21.Bd4 Rc6 22.Re2 Rfc8
23.c3 d6 24.exd6 Bxd6 25.cxb4 Bxb4 26.Rd3 Bf8 27.a3 Bg7 28.Bxg7 Kxg7 29.Nd4 R6c7
30.b4 Kg8 31.Nc5 Ra7 32.Rc2 Nd6 33.Ndb3 Nb7 34.Nd4 a5 35.Nxb7 Rxc2 36.Nxc2 Rxb7
37.bxa5 Ra7 38.Ke4 Rxa5 39.Kd4 f6 40.Kc4 Kf7 41.Rb3 Ra7 42.Nb4 Rc7+ 43.Kb5 Nc3+
44.Kb6 Rc4 45.a4 Nd5+ 46.Nxd5 exd5 47.a5 Ke6 48.a6 Ra4 49.a7 d4 50.Kb7 Kd5
51.a8=Q Rxa8 52.Kxa8 Ke4 53.Kb7 d3 54.Kc6 d2 55.Rb1 g5 56.f5 Kxf5 57.Kd5 Kg4
58.Rd1 f5 59.Rxd2 f4 60.Ke4 fxg3 61.Rg2  1-0

[Event "9th BDO Challenger"]
[Site "Haarlem NED"]
[Date "2013.08.23"]
[Round "7.4"]
[White "Pijpers,A"]
[Black "De Ruiter,D"]
[Result "1-0"]
[WhiteElo "2364"]
[BlackElo "2216"]

1.e4 c5 2.Nf3 e6 3.d4 cxd4 4.Nxd4 Nc6 5.Nc3 Qc7 6.Be3 a6 7.Be2 Nf6 8.O-O Be7
9.f4 d6 10.Qe1 O-O 11.Rd1 Bd7 12.Qg3 Kh8 13.a4 Rfe8 14.Kh1 Bf8 15.e5 dxe5
16.Nxc6 Bxc6 17.fxe5 Ne4 18.Nxe4 Bxe4 19.c4 f5 20.exf6 Qxg3 21.hxg3 gxf6
22.Rxf6 Bg7 23.Bg5 h6 24.Bh4 Bc6 25.b3 Bxf6 26.Bxf6+ Kg8 27.Bg4 e5 28.Rd6 e4
29.Bc3 e3 30.Bh5 e2 31.Rg6+ Kh7 32.Rg7+ Kh8 33.Rg4+ Kh7 34.Bg6+  1-0

[Event "9th BDO Premier"]
[Site "Haarlem NED"]
[Date "2013.08.23"]
[Round "7.1"]
[White "Van den Doel,E"]
[Black "Klein,Da"]
[Result "1/2-1/2"]
[WhiteElo "2562"]
[BlackElo "2468"]

1.e4 c5 2.Nf3 e6 3.d4 cxd4 4.Nxd4 Nc6 5.Nc3 Qc7 6.Be2 a6 7.O-O Nf6 8.Be3 Be7
9.f4 d6 10.Qe1 O-O 11.Qg3 Nxd4 12.Bxd4 b5 13.a3 Bb7 14.Kh1 Rad8 15.Rae1 Rd7
16.Bd3 Re8 17.Rf3 Bd8 18.Ref1 e5  1/2-1/2

[Event "Caissa GM Aug 2013"]
[Site "Kecskemet HUN"]
[Date "2013.08.23"]
[Round "11.3"]
[White "Antal,T"]
[Black "Sax,G"]
[Result "1/2-1/2"]
[WhiteElo "2358"]
[BlackElo "2478"]

1.e4 c5 2.Nf3 e6 3.d4 cxd4 4.Nxd4 Nc6 5.Nc3 a6 6.Nxc6 bxc6 7.Bd3 Qc7 8.O-O Nf6
9.Qe2 Bd6 10.h3 h6 11.Bd2 O-O 12.Rae1 e5  1/2-1/2

[Event "15th Sants Open 2013"]
[Site "Barcelona ESP"]
[Date "2013.08.24"]
[Round "2.2"]
[White "Ballester Llagaria,L"]
[Black "Iturrizaga,E"]
[Result "0-1"]
[WhiteElo "2264"]
[BlackElo "2660"]

1.e4 c5 2.Nf3 e6 3.d4 cxd4 4.Nxd4 Nc6 5.Nc3 Qc7 6.Be2 Nf6 7.f4 d6 8.Be3 Be7
9.Qd2 a6 10.O-O-O O-O 11.g4 Nxd4 12.Bxd4 e5 13.Be3 b5 14.g5 b4 15.Nd5 Nxd5
16.exd5 Bf5 17.Bd3 e4 18.Be2 Rfc8 19.Kb1 Qb7 20.h3 a5 21.Bg4 g6 22.Rc1 a4
23.Rhd1 Ra5 24.Bxf5 gxf5 25.c4 bxc3 26.Rxc3 Rxc3 27.Qxc3 Rxd5 28.Rxd5 Qxd5
29.Bd4 h6 30.gxh6 Kh7 31.b3 axb3 32.Qxb3 Qxb3+ 33.axb3 d5 34.Kc2 Bb4 35.Bg7 Kg6
36.h4 f6 37.h5+ Kh7 38.Bxf6 Kxh6 39.Bc3 Bc5 40.Be5 d4 41.Kd1 d3 42.Kd2 Kxh5
43.Bc3 Kg4 44.b4 Bd6  0-1

[Event "Brasschaat Open 2013"]
[Site "Brasschaat BEL"]
[Date "2013.08.24"]
[Round "8.19"]
[White "Dardha,B"]
[Black "Ijzermans,Cees"]
[Result "0-1"]
[WhiteElo "1823"]
[BlackElo "1959"]

1.e4 c5 2.Nf3 Nc6 3.Nc3 e6 4.d4 cxd4 5.Nxd4 Qc7 6.Ndb5 Qb8 7.Be3 a6 8.Nd4 Bb4
9.Bd3 Nf6 10.a3 Bxc3+ 11.bxc3 d5 12.exd5 exd5 13.Nxc6 bxc6 14.Bd4 O-O 15.Bxf6 gxf6
16.Qh5 Qe5+ 17.Qxe5 fxe5 18.f3 Rb8 19.Kd2 a5 20.Rab1 Be6 21.Rb3 Rxb3 22.cxb3 f5
23.Rf1 c5 24.c4 Kg7 25.cxd5 Bxd5 26.Re1 Kf6 27.Rc1 Rg8 28.Bf1 Rd8 29.Ke3 f4+
30.Kf2 Bxb3 31.Rxc5 a4 32.Rc6+ Kg5 33.Rc5 Rd2+ 34.Ke1 Rd1+ 35.Kf2 Kf6 36.Rc6+ Ke7
37.Rc7+ Kd6 38.Rxh7 Rd2+ 39.Ke1 Ra2 40.h4 Rxa3 41.h5 Ra1+ 42.Kf2 Ra2+ 43.Kg1 Ra1
44.h6 Bc4 45.Rd7+ Kxd7 46.h7 Rxf1+ 47.Kh2 a3 48.h8=Q a2 49.Qg7+ Kd6 50.Qf6+ Kd7
51.Qf5+ Kc6 52.Qc8+ Kd6 53.Qd8+ Ke6 54.Qe8+ Kf6 55.Qf8+ Kg6 56.Qd6+ Kf7 57.Qd7+ Kf6
58.Qd8+ Ke6 59.Qe8+ Kd6 60.Qd8+ Kc6 61.Qc8+ Kb5 62.Qb7+ Ka4 63.Qa8+ Kb3  0-1

[Event "9th BDO Premier"]
[Site "Haarlem NED"]
[Date "2013.08.24"]
[Round "8.2"]
[White "Dourerassou,J"]
[Black "Klein,Da"]
[Result "1/2-1/2"]
[WhiteElo "2488"]
[BlackElo "2468"]

1.e4 c5 2.Nf3 e6 3.d4 cxd4 4.Nxd4 Nc6 5.Nc3 Qc7 6.Be3 a6 7.Bd3 Nf6 8.O-O Nxd4
9.Bxd4 Bc5 10.Bxc5 Qxc5 11.Kh1 d6 12.f4 e5 13.Qe1 Be6 14.Rd1 exf4 15.Nd5 Nxd5
16.exd5 Qxd5 17.Qb4 Qc6 18.Rxf4 O-O-O 19.Bf5 Kb8 20.Be4 d5 21.Bd3 h5 22.Qd4 Qc7
23.b4 h4  1/2-1/2

[Event "TCh-POR Div1 Final 2013"]
[Site "Matosinhos POR"]
[Date "2013.08.24"]
[Round "8.5"]
[White "Diogo,V"]
[Black "Butkiewicz,L"]
[Result "0-1"]
[WhiteElo "2300"]
[BlackElo "2437"]

1.e4 c5 2.Nf3 e6 3.d4 cxd4 4.Nxd4 Nc6 5.Nc3 Qc7 6.g3 a6 7.Bg2 d6 8.O-O Bd7
9.Re1 Be7 10.Nxc6 Bxc6 11.a4 Nf6 12.a5 O-O 13.Be3 Nd7 14.Na4 f5 15.Nb6 Rae8
16.Nxd7 Qxd7 17.Bb6 fxe4 18.Bxe4 Bxe4 19.Rxe4 Bf6 20.c3 d5 21.Qd3 Qf7 22.Re2 Rc8
23.f4 Rfe8 24.Rae1 g6 25.h4 Rc4 26.Kg2 Qd7 27.Qf3 h5 28.Qd3 Kf7 29.Kh2 Qd6
30.Re5 Bxe5 31.Rxe5 Qc6 32.Bd4 Qb5 33.Rxh5 Qxb2+ 34.Kh3 Ke7 35.Rh7+ Kd8 36.Bb6+ Kc8
37.Qxg6 Qb5 38.Qg7 Qc6 39.Bd4 Kb8 40.h5 Ka8 41.Qd7 Qb5 42.Re7 Rec8 43.Qxb5 axb5
44.Be5 d4 45.cxd4 R4c6 46.d5 exd5 47.Rd7 Rc1 48.g4 Rd1 49.g5 b4 50.h6 b3
51.h7 d4 52.Bxd4 b2 53.Rc7 Rh1+ 54.Kg4 Rxc7 55.Bxb2 Rcxh7 56.Kf5 Rc7 57.Be5 Rc6
58.g6 Rg1 59.Bf6 Rc5+ 60.Be5 Rxa5  0-1

[Event "XXX Collado Villalba Open 2013"]
[Site "Collado Villalba ESP"]
[Date "2013.08.25"]
[Round "3.1"]
[White "Roa Alonso,S"]
[Black "Bermejo,L"]
[Result "1-0"]
[WhiteElo "2402"]
[BlackElo "2171"]

1.e4 c5 2.Nf3 e6 3.d4 cxd4 4.Nxd4 Nc6 5.Nc3 Qc7 6.Be3 a6 7.Bd3 Nf6 8.O-O b5
9.a3 Bb7 10.h3 Bd6 11.Nde2 Ne5 12.f4 Bc5 13.Qd2 Nc4 14.Bxc4 Bxe3+ 15.Qxe3 Qxc4
16.Rad1 d5 17.e5 Nd7 18.f5 O-O-O 19.fxe6 fxe6 20.Nd4 Rde8 21.Rf7 Rhg8 22.Rd3 Qc7
23.Ncxb5 Qxe5 24.Rc3+ Kb8 25.Nc6+  1-0

[Event "ch-ESP Rapid 2013"]
[Site "Linares ESP"]
[Date "2013.08.26"]
[Round "5.6"]
[White "Blanco,Cr"]
[Black "Korneev,O"]
[Result "1/2-1/2"]
[WhiteElo "2349"]
[BlackElo "2625"]

1.e4 c5 2.Nf3 e6 3.d4 cxd4 4.Nxd4 Nc6 5.Nc3 Qc7 6.Ndb5 Qb8 7.a4 a6 8.Na3 Qc7
9.g3 Nf6 10.Bg2 d6 11.O-O b6 12.Nc4 Bb7 13.Be3 Nd7 14.f4 Be7 15.f5 Nce5 16.fxe6 fxe6
17.Nxe5 Nxe5 18.Qh5+ g6 19.Qh3 Bc8 20.Bd4 h5 21.g4 Bd7 22.gxh5 Rxh5 23.Qe3 Nc4
24.Qe2 O-O-O 25.b3 d5 26.Bf3 Bc5 27.Bxc5 Qxc5+ 28.Kh1 Ne3 29.Qxa6+ Kb8 30.Bxh5 Bc8
31.Qb5 Nxf1 32.Qxc5 bxc5 33.Bxg6 Ne3 34.exd5 exd5 35.h4 d4 36.Nb5 Rf8 37.h5 Rf2
38.Be4 Rf4 39.Bc6 Nxc2 40.Rd1 Rh4+ 41.Kg1 Ne3 42.Rd2 Rxh5 43.a5 Bb7 44.Bxb7 Kxb7
45.Ra2 Rh6 46.b4 Rg6+ 47.Kh2 cxb4 48.Nxd4 Ka6 49.Ra4 Nd5 50.Ra1 Rg4 51.Nb3 Rc4
52.Kg1 Rc3 53.Nd4 Rd3 54.Nc6 b3 55.Rb1 Kb5 56.Rxb3+ Rxb3 57.Nd4+ Kxa5 58.Nxb3+  1/2-1/2

[Event "15th Sants Open 2013"]
[Site "Barcelona ESP"]
[Date "2013.08.27"]
[Round "5.10"]
[White "Aroshidze,L"]
[Black "Firat,B"]
[Result "1/2-1/2"]
[WhiteElo "2565"]
[BlackElo "2416"]

1.e4 c5 2.Nf3 e6 3.d4 cxd4 4.Nxd4 Nc6 5.Nc3 Qc7 6.Be2 a6 7.O-O Nf6 8.Be3 Bb4
9.Na4 Bd6 10.Nb6 Rb8 11.g3 Nxd4 12.Qxd4 e5 13.Qd3 Bc5 14.Nc4 b5 15.Bxc5 Qxc5
16.Nd6+ Ke7 17.Rfd1 Rb6 18.Nf5+ Kf8 19.Rd2 Bb7 20.Nd6 Ke7 21.Rad1 Rd8 22.Bf3 Ne8
23.Nf5+  1/2-1/2

[Event "15th Sants Open 2013"]
[Site "Barcelona ESP"]
[Date "2013.08.27"]
[Round "5.32"]
[White "Murtuzov,Rauf"]
[Black "Potkin,V"]
[Result "0-1"]
[WhiteElo "2067"]
[BlackElo "2647"]

1.e4 c5 2.Nf3 e6 3.d4 cxd4 4.Nxd4 Nc6 5.Nc3 a6 6.Be2 d6 7.O-O Nf6 8.Be3 Be7
9.f4 Bd7 10.a4 Nxd4 11.Qxd4 Bc6 12.Bf3 O-O 13.a5 Qc7 14.Rfd1 Rac8 15.Qb6 Qb8
16.Qa7 Qxa7 17.Bxa7 Nd7 18.Bf2 h6 19.Rd2 Kh7 20.Ne2 Nf6 21.e5 dxe5 22.fxe5 Ne4
23.Bxe4+ Bxe4 24.Rd7 Bc5 25.Nc3 Bxf2+ 26.Kxf2 Bc6 27.Rd6 Kg6 28.Ke3 h5 29.Rg1 h4
30.Kf4 Rh8 31.Ne2 Bd5 32.Nd4 Rc4 33.c3 Ra4 34.b4 Ra2 35.Nf3 Rc2 36.g3 Bxf3
37.Kxf3 Rxc3+ 38.Ke4 h3 39.Rgd1 Rhc8 40.R1d2 R8c4+ 41.R6d4 Rc2 42.Rxc2 Rxc2
43.Kf3 Rxh2 44.Rg4+ Kh7 45.Rh4+ Kg8 46.Kg4 Re2 47.Kxh3 Rxe5 48.Rc4 g6 49.Kg4 Kg7
50.Kf4 Kf6 51.g4 Rb5 52.Ke4 Kg5 53.Kd3 f5  0-1

[Event "TCh-SRB 1st League 2013"]
[Site "Kragujevac SRB"]
[Date "2013.08.27"]
[Round "4.5"]
[White "Sedlak,N"]
[Black "Grachev,B"]
[Result "1/2-1/2"]
[WhiteElo "2586"]
[BlackElo "2676"]

1.e4 c5 2.Nf3 e6 3.d4 cxd4 4.Nxd4 Nc6 5.Nc3 a6 6.Be3 Nf6 7.Bd3 e5 8.Nf5 d5
9.exd5 Nxd5 10.Nxd5 Qxd5 11.Ng3 h5 12.Be4 Qxd1+ 13.Rxd1 g6 14.Bxc6+ bxc6
15.Ne4 Bf5 16.Nd6+ Bxd6 17.Rxd6 Bxc2 18.f3 O-O 19.Rxc6 Rfc8 20.Rxc8+ Rxc8
21.Kf2  1/2-1/2

[Event "21st Honor to National Resistance"]
[Site "Nikaia GRE"]
[Date "2013.08.27"]
[Round "2.6"]
[White "Alexiadis,Hristos"]
[Black "Kourkoulos Arditis,Stamatis"]
[Result "0-1"]
[WhiteElo "1983"]
[BlackElo "2277"]

1.e4 c5 2.Nf3 e6 3.d4 cxd4 4.Nxd4 Nc6 5.Nc3 Qc7 6.g3 a6 7.Bg2 d6 8.O-O Bd7
9.Re1 Be7 10.Bf4 Ne5 11.Nf3 Nf6 12.Qe2 O-O 13.Rad1 b5 14.a3 Rab8 15.Nd2 b4
16.axb4 Rxb4 17.Nb3 a5 18.Na2 Rbb8 19.Bc1 Bb5 20.Qe3 Bc4 21.Nc3 Bxb3 22.cxb3 Rxb3
23.Nd5 Rxe3 24.Nxc7 Rxe1+ 25.Rxe1 Rc8  0-1

[Event "15th Sants Open 2013"]
[Site "Barcelona ESP"]
[Date "2013.08.28"]
[Round "6.9"]
[White "Adhiban,Baskaran"]
[Black "Prasca Sosa,R"]
[Result "1-0"]
[WhiteElo "2567"]
[BlackElo "2426"]

1.e4 c5 2.Nf3 e6 3.d4 cxd4 4.Nxd4 Nc6 5.Nc3 Qc7 6.Be3 a6 7.Qd2 Nf6 8.O-O-O Be7
9.f3 b5 10.g4 Nxd4 11.Bxd4 b4 12.Ne2 Bb7 13.g5 Nxe4 14.fxe4 Bxe4 15.Rg1 Rc8
16.c3 d5 17.Bg2 Bg6 18.Bxg7 Rg8 19.Bf6 bxc3 20.Nxc3 Bd6 21.Rgf1 Qc4 22.Qe3 Qxa2
23.Bxd5 Qb1+ 24.Kd2 Qxb2+ 25.Ke1 Qxh2 26.Rf2 Qg3 27.Bf3 Bh5 28.Rxd6 Qxd6
29.Bxh5 Qc6 30.Bf3 Qc7 31.Rd2 h6 32.gxh6 Qg3+ 33.Kd1  1-0

[Event "15th Sants Open 2013"]
[Site "Barcelona ESP"]
[Date "2013.08.28"]
[Round "6.14"]
[White "Guerra Mendez,J"]
[Black "Perpinya Rofes,L"]
[Result "1/2-1/2"]
[WhiteElo "2516"]
[BlackElo "2403"]

1.e4 c5 2.Nf3 Nc6 3.d4 cxd4 4.Nxd4 e6 5.Nc3 Nf6 6.Ndb5 Bb4 7.a3 Bxc3+ 8.Nxc3 d5
9.exd5 exd5 10.Bd3 O-O 11.O-O d4 12.Ne2 Re8 13.Bg5 Re5 14.f4 Rd5 15.f5 h6
16.Bh4 Ne5 17.Nf4 Rd6 18.Nh5 Neg4 19.Rf4 Qf8 20.Ng3 Ne3 21.Qf3 Nd7 22.Ne4 Ne5
23.Qg3 Nxd3 24.cxd3 Bxf5 25.Nxd6 Qxd6 26.Qf3 Be6 27.Bg3 Qb6 28.Qe2 Rc8 29.Rf2 Qb3
30.Qd2 Rc2 31.Qb4 Qd5 32.Qd6 Qxg2+ 33.Rxg2 Rxg2+ 34.Kh1 Rxb2 35.Qxd4 Bd5+
36.Kg1 Rg2+ 37.Kh1 Ra2+ 38.Kg1 Rg2+ 39.Kh1 Bc6  1/2-1/2

[Event "20th Graz Open 2013"]
[Site "Graz AUT"]
[Date "2013.08.28"]
[Round "5.7"]
[White "Horvath,Re"]
[Black "Titz,Hei"]
[Result "0-1"]
[WhiteElo "2062"]
[BlackElo "2206"]

1.e4 c5 2.Nf3 e6 3.d4 cxd4 4.Nxd4 Nc6 5.Nc3 Qc7 6.Be2 a6 7.O-O Nf6 8.a4 Bb4
9.Na2 Bd6 10.Nxc6 dxc6 11.Qd3 Bxh2+ 12.Kh1 Bd6 13.f4 e5 14.f5 Be7 15.g4 h6
16.Be3 Bd7 17.Qc4 b5 18.axb5 axb5 19.Qd3 Rd8 20.Nc3 Bxf5 21.gxf5 Rxd3 22.Bxd3 O-O
23.Rg1 Kh7 24.Rgd1 Rb8 25.Ba7 Ra8 26.Bg1 Qb7 27.Bh2 Ng4 28.Be2 Nf2+  0-1

[Event "Petersburg Summer Blitz 2013"]
[Site "St Petersburg RUS"]
[Date "2013.08.28"]
[Round "7.6"]
[White "Yemelin,V"]
[Black "Bukavshin,I"]
[Result "0-1"]
[WhiteElo "2564"]
[BlackElo "2539"]

1.e4 c5 2.Nf3 e6 3.d4 cxd4 4.Nxd4 Nc6 5.Nc3 Qc7 6.f4 Nxd4 7.Qxd4 a6 8.Be3 b5
9.O-O-O Bb7 10.Kb1 Rc8 11.Bd3 Nf6 12.e5 Ng4 13.Ne4 Nxe3 14.Qxe3 Be7 15.Rhf1 Bxe4
16.Qxe4 Qc6 17.Qe2 O-O 18.f5 exf5 19.Bxf5 Rcd8 20.Qd3 g6 21.Be4 Qc5 22.Bd5 Kg7
23.Rf3 f6 24.exf6+ Rxf6 25.Rdf1 Rdf8 26.a3 a5 27.Ka2 b4 28.a4 Rxf3 29.Rxf3 Rxf3
30.Qxf3 Bf6 31.Qe4 Qd6 32.Bb3 Qxh2 33.Qd5 Qc7 34.Qg8+ Kh6 35.Qf8+ Kg5 36.Qf7 Qe5
37.Qd5 h5 38.Qxe5+ Bxe5 39.Bd5 h4 40.Kb3 Kf4 41.Kc4 Bxb2 42.Kb5 Bc3 43.Bb3 Kg3
44.Kxa5 Kxg2 45.Kb5 h3 46.Bd5+ Kg1 47.a5 h2 48.Kc4 Be1 49.a6 Bf2 50.Kxb4 g5
51.c4 d6 52.Kb5 g4 53.Kc6 Bc5  0-1

[Event "Petersburg Summer Blitz 2013"]
[Site "St Petersburg RUS"]
[Date "2013.08.28"]
[Round "11.1"]
[White "Stukopin,A"]
[Black "Bukavshin,I"]
[Result "1-0"]
[WhiteElo "2522"]
[BlackElo "2539"]

1.e4 c5 2.Nf3 e6 3.d4 cxd4 4.Nxd4 Nc6 5.Nc3 Qc7 6.Be3 a6 7.Be2 b5 8.O-O Bb7
9.Nxc6 Qxc6 10.Bf3 Ne7 11.e5 Qc7 12.a4 b4 13.Ne4 Ng6 14.Nd6+ Bxd6 15.exd6 Qc8
16.a5 O-O 17.Bb6 Ne5 18.Bxb7 Qxb7 19.Qd4 Nc6 20.Qe4 Nxa5 21.Qxb4 Rfb8 22.Qxa5 Qxb6
23.Qa4 Qxd6 24.Rfd1 Qc5 25.Rxd7 Rxb2 26.Qf4 Rf8 27.c4 Rc2 28.Rc7 Qb4 29.h4 a5
30.Rd1 Qb8 31.Rdd7 e5 32.Rxf7  1-0

[Event "Petersburg Summer Blitz 2013"]
[Site "St Petersburg RUS"]
[Date "2013.08.28"]
[Round "12.4"]
[White "Savitskiy,S"]
[Black "Matlakov,M"]
[Result "0-1"]
[WhiteElo "2379"]
[BlackElo "2676"]

1.e4 c5 2.Nf3 e6 3.d4 cxd4 4.Nxd4 Nc6 5.Nc3 a6 6.f4 Qc7 7.Nb3 b5 8.Bd3 Bb7
9.Qe2 d6 10.Be3 Nf6 11.O-O-O Be7 12.g4 b4 13.Na4 Nd7 14.Qf2 O-O 15.g5 Na5
16.Nb6 Nxb3+ 17.axb3 Nxb6 18.Bxb6 Qc6 19.Bd4 a5 20.h4 a4 21.bxa4 Rxa4 22.Kd2 e5
23.fxe5 dxe5 24.Bxe5 b3 25.c3 Rxe4 26.Bxe4 Qxe4 27.Rhe1 Qc2+ 28.Ke3 Bc5+
29.Rd4 Bxd4+ 30.cxd4 Qg6 31.Rc1 Re8 32.Kd2 h6 33.Rc7 Bd5 34.gxh6 Qxh6+ 35.Kc3 Qc1+
36.Kd3 Qb1+ 37.Kc3 Qc1+ 38.Kd3 Qd1+ 39.Kc3 Rxe5 40.Rc8+ Kh7 41.dxe5 Qc1+
42.Kd4 Qxc8 43.Kxd5 Qe6+ 44.Kd4 Qb6+  0-1

[Event "15th Sants Open 2013"]
[Site "Barcelona ESP"]
[Date "2013.08.29"]
[Round "7.10"]
[White "Aroshidze,L"]
[Black "Cori T.,D"]
[Result "1-0"]
[WhiteElo "2565"]
[BlackElo "2434"]

1.e4 c5 2.Nf3 e6 3.d4 cxd4 4.Nxd4 Nc6 5.Nc3 a6 6.Be2 Nf6 7.Nxc6 dxc6 8.Qxd8+ Kxd8
9.e5 Nd7 10.Bf4 Bb4 11.O-O-O Bxc3 12.bxc3 Kc7 13.Rd3 a5 14.Rg3 Rg8 15.Bh6 Nc5
16.Rxg7 Rxg7 17.Bxg7 Ne4 18.h4 Bd7 19.h5 c5 20.Rh4 Nxc3 21.Bd3 Bb5 22.Bxh7 Rd8
23.h6 c4 24.Rh1 Ne2+ 25.Kb1 Bc6 26.f3 a4 27.a3 Rd5 28.Be4 Rb5+ 29.Ka1 c3
30.Bd3 Rb2 31.Rb1  1-0

[Event "15th Sants Open 2013"]
[Site "Barcelona ESP"]
[Date "2013.08.29"]
[Round "7.3"]
[White "Filippov,An UZB"]
[Black "Adhiban,Baskaran"]
[Result "1/2-1/2"]
[WhiteElo "2630"]
[BlackElo "2567"]

1.e4 c5 2.Nf3 e6 3.d4 cxd4 4.Nxd4 Nc6 5.Nc3 Qc7 6.Be2 Nf6 7.O-O a6 8.Be3 Be7
9.f4 d6 10.Qe1 O-O 11.Qg3 Nxd4 12.Bxd4 b5 13.a3 Bb7 14.Bd3 Rad8 15.Rae1 Rd7
16.Kh1 Re8 17.Re3 g6 18.e5 dxe5 19.Bxe5 Qd8 20.f5 Nh5 21.Qh3 exf5 22.Bxf5 Rd2
23.Be4 Bxe4 24.Rxe4 f5 25.Ree1 Bh4 26.Bc7 Rxe1 27.Rxe1 Qxc7 28.Qxh4 Qc6 29.Qg5 Nf4
30.Nd5 Qxd5 31.Re8+ Kg7 32.Re7+ Kg8 33.Re8+  1/2-1/2

[Event "US Masters 2013"]
[Site "Greensboro USA"]
[Date "2013.08.29"]
[Round "1.14"]
[White "Agrest,I"]
[Black "Krush,I"]
[Result "0-1"]
[WhiteElo "2193"]
[BlackElo "2489"]

1.e4 c5 2.Nf3 e6 3.d4 cxd4 4.Nxd4 Nc6 5.Nc3 Qc7 6.Be3 a6 7.f4 b5 8.a3 Bb7
9.Nf3 Nf6 10.e5 Ng4 11.Bg1 d6 12.h3 Nh6 13.Bh2 b4 14.Ne4 d5 15.Ned2 bxa3
16.bxa3 Nf5 17.Bd3 Bc5 18.Nb3 Bb6 19.Bxf5 exf5 20.Bg1 Bxg1 21.Rxg1 d4 22.Qd3 O-O  0-1

[Event "78th ch-ESP 2013"]
[Site "Linares ESP"]
[Date "2013.08.29"]
[Round "1.17"]
[White "Gimenez Jimenez,J"]
[Black "Teran Alvarez,I"]
[Result "0-1"]
[WhiteElo "2007"]
[BlackElo "2422"]

1.e4 c5 2.Nf3 e6 3.d4 cxd4 4.Nxd4 Nc6 5.Nc3 Qc7 6.Be3 a6 7.a3 Nf6 8.Be2 b5
9.O-O Bb7 10.Nxc6 Bxc6 11.Bf3 Bd6 12.h3 O-O 13.Qd4 a5 14.Rfd1 Be5 15.Qd3 b4
16.axb4 axb4 17.Rxa8 Rxa8 18.Nb5 Bxb5 19.Qxb5 Rb8 20.Qa4 Bxb2 21.g4 h6 22.h4 Qe5
23.Qa7 d5 24.g5 hxg5 25.hxg5 dxe4 26.Bg2 Ng4 27.g6 fxg6 28.Bc5 Rc8 29.Bd6 Qf5
30.Bg3 Be5 31.Qb7 Rf8 32.Bxe4 Qh5 33.Qb5 Nxf2 34.Rd5 exd5 35.Qxd5+ Kh8 36.Bxe5 Nxe4
37.Qxe4 Qg5+ 38.Kh2 Rf2+  0-1

[Event "21st Honor to National Resistance"]
[Site "Nikaia GRE"]
[Date "2013.08.29"]
[Round "4.8"]
[White "Alexiadis,Hristos"]
[Black "Gazis,Ef"]
[Result "1/2-1/2"]
[WhiteElo "1983"]
[BlackElo "2285"]

1.e4 c5 2.Nf3 e6 3.d4 cxd4 4.Nxd4 Nc6 5.Nc3 Qc7 6.Be2 a6 7.O-O Nf6 8.a3 Nxd4
9.Qxd4 Bd6 10.h3 Be5 11.Qd3 O-O 12.Be3 Bxc3 13.bxc3 d5 14.exd5 Nxd5 15.Bf3 Nxc3
16.Bb6 Ne2+ 17.Qxe2 Qxb6 18.Rab1 Qc7 19.Rfd1 Rb8 20.Qd3 Re8 21.Qd6 Qxd6 22.Rxd6 Kf8
23.Rxa6 bxa6 24.Rxb8 Ke7 25.c4 Bd7 26.Rb6 Rc8 27.Be2 Rc6 28.Rb8 Bc8 29.f4 Kd6
30.Kf2 e5 31.fxe5+ Kxe5 32.Ke3 Be6 33.c5 Bc8 34.Bc4 f6 35.Bd3 g6 36.Rb6 Rxb6
37.cxb6 Bb7 38.g3 Kd6 39.h4 Kc5 40.h5 gxh5 41.Bxh7 Kxb6 42.Bg6 Kb5 43.Bxh5 Ka4
44.Be8+ Kxa3 45.Bd7 Kb4 46.Kf4 Kc5 47.Kf5 Kd6 48.Ba4 Ke7 49.Bc2 a5 50.g4 Bc8+
51.Kf4 Kd6 52.g5 fxg5+ 53.Kxg5 Ke5 54.Ba4 Be6 55.Bd1 Kd4 56.Kf6 Bc4 57.Ba4 Bg8
58.Kf5 Kc3 59.Ke4 Kb4 60.Bd7 Kc3 61.Bc6 Bc4 62.Ke3 Bf1 63.Bd7 Bg2 64.Be8 Bh3
65.Bc6 Be6 66.Be8 Bd5 67.Bd7 Bc4 68.Be8 Kb4 69.Kd2 a4 70.Bxa4  1/2-1/2

[Event "US Masters 2013"]
[Site "Greensboro USA"]
[Date "2013.08.30"]
[Round "3.1"]
[White "Esserman,M"]
[Black "Quesada Perez,Yu"]
[Result "1/2-1/2"]
[WhiteElo "2438"]
[BlackElo "2636"]

1.e4 c5 2.Nf3 Nc6 3.Nc3 e6 4.d4 cxd4 5.Nxd4 Qc7 6.g3 a6 7.Bg2 Nf6 8.O-O d6
9.Re1 Bd7 10.Nxc6 bxc6 11.Na4 Rb8 12.c4 c5 13.Nc3 Be7 14.b3 Bc6 15.Bg5 h6
16.Bf4 e5 17.Be3 O-O 18.h3 Rfe8 19.Qc2 Qb7 20.Rad1 Nd7 21.f4 exf4  1/2-1/2

[Event "21st Honor to National Resistance"]
[Site "Nikaia GRE"]
[Date "2013.08.30"]
[Round "5.1"]
[White "Kotronias,V"]
[Black "Kourkoulos Arditis,Stamatis"]
[Result "1/2-1/2"]
[WhiteElo "2579"]
[BlackElo "2277"]

1.e4 c5 2.Nf3 e6 3.d4 cxd4 4.Nxd4 Nc6 5.Nc3 Qc7 6.Be3 a6 7.Qd2 Nf6 8.O-O-O Be7
9.f3 h5 10.Bf2 d6 11.Kb1 Nxd4 12.Bxd4 e5 13.Bf2 Be6 14.Be2 Rc8 15.a3 O-O
16.Rhe1 b5 17.g4 hxg4 18.fxg4 d5 19.exd5 Rfd8 20.Bg3 b4 21.axb4 Bxb4 22.Bf3 Qa5
23.Bxe5 Rxd5 24.Bxd5 Nxd5 25.Qxd5 Bxd5 26.Rxd5 Qb6 27.Bd4 Qb7 28.Rh5 f6 29.Rh3 Rd8
30.Rd1 Qg2 31.Rhd3 Bxc3 32.Bxc3 Rxd3 33.Rxd3 Qxg4 34.Bxf6 Qg1+ 35.Ka2 Qxh2
36.Rd8+ Kf7 37.Bc3 g5 38.Rd7+ Ke6 39.Rg7 Qf4 40.Ka3 Qf5 41.Rg8 g4 42.Re8+ Kd7
43.Re2 g3 44.Rd2+ Kc8 45.b3 Qg5 46.Rd1 Qg4 47.Rd3 g2 48.Bd4 Qxd4 49.Rxd4 g1=Q
50.Rc4+ Kb7  1/2-1/2

[Event "74th ch-ARM 1st League"]
[Site "Yerevan ARM"]
[Date "2013.08.30"]
[Round "9.6"]
[White "Vardanian,HaiG"]
[Black "Chibukhchian,A"]
[Result "0-1"]
[WhiteElo "2339"]
[BlackElo "2454"]

1.e4 c5 2.Nf3 e6 3.d4 cxd4 4.Nxd4 Nc6 5.Nc3 Qc7 6.g3 a6 7.Bg2 Nf6 8.O-O d6
9.a4 Be7 10.Nxc6 bxc6 11.a5 Rb8 12.Qe2 O-O 13.b3 Re8 14.Be3 Nd7 15.Na4 c5
16.Rfd1 Bb7 17.Bf4 Red8 18.Nb2 Nf8 19.Nc4 Ng6 20.Bd2 Bf6 21.Rab1 Bc6 22.Nb6 Bb5
23.c4 Be8 24.b4 cxb4 25.Bxb4 Ne5 26.Qd2 Be7 27.f4 Nxc4 28.Qc3 Bb5 29.Bf1 d5
30.exd5 Bxb4 31.Rxb4 Qc5+ 32.Rd4 exd5 33.Bg2 Bc6 34.Kh1 Qxa5 35.Rbxc4 Qxc3
36.Rxc3 Rxb6 37.Kg1 Kf8 38.Rc5 Rb1+ 39.Kf2 Rb2+ 40.Kg1 Bb7 41.f5 Re8 42.f6 Re1+
43.Bf1 gxf6 44.Rf4 d4 45.Rf2 Rbb1 46.Rc4 a5  0-1

[Event "US Masters 2013"]
[Site "Greensboro USA"]
[Date "2013.08.31"]
[Round "4.2"]
[White "Quesada Perez,Yu"]
[Black "Zapata,Alo"]
[Result "0-1"]
[WhiteElo "2636"]
[BlackElo "2496"]

1.e4 c5 2.Nf3 e6 3.d4 cxd4 4.Nxd4 Nc6 5.Nc3 Qc7 6.Be3 Nf6 7.f4 d6 8.Qf3 a6
9.O-O-O Be7 10.Bd3 O-O 11.Rhe1 Nxd4 12.Bxd4 e5 13.Nd5 Nxd5 14.exd5 exd4 15.Qe4 g6
16.Qxe7 Qa5 17.Kb1 Bg4 18.Rc1 Qxd5 19.Be4 Qc5 20.h3 Be6 21.g4 Rfe8 22.Qh4 Bxa2+
23.Kxa2 Rxe4 24.Kb1 Rxf4 25.Re7 d3 26.cxd3 Qd5 27.Re3 Ra4 28.Rc7 Qa5 29.Rc4 Ra1+
30.Kc2 d5 31.Qg5  0-1

[Event "TCh-SRB 1st League w 2013"]
[Site "Kragujevac SRB"]
[Date "2013.08.31"]
[Round "8.5"]
[White "Gaponenko,I"]
[Black "Miladinovic,L"]
[Result "1-0"]
[WhiteElo "2390"]
[BlackElo "2106"]

1.e4 c5 2.Nf3 e6 3.d4 cxd4 4.Nxd4 Nc6 5.Nc3 Qc7 6.f4 Nxd4 7.Qxd4 a6 8.Be3 b5
9.O-O-O Bb7 10.Bd3 Rc8 11.Kb1 Nf6 12.e5 Nd5 13.Ne4 Nxe3 14.Qxe3 Bd5 15.Qe1 b4
16.Qe2 Qa5 17.b3 Bb7 18.Nd2 Qc7 19.Ne4 Qb6 20.f5 Bc6 21.Rhf1 Bxe4 22.Bxe4 Bc5
23.Qd3 Qc7 24.Qg3 Bf8 25.Rf4 a5 26.Rdf1 a4 27.Qh4 axb3 28.axb3 Bc5 29.fxe6 fxe6
30.Qh5+ Kd8 31.Rf7 Qb6 32.Qg4 g6  1-0